Paroles MZ - Toi sur moi - Statistiques

Statistiques générales
  • Ce quiz a été pris 116 fois
  • Le résultat moyen est 381 sur 640
Statistiques - réponses
Paroles % Correct
à
97%
la
92%
toi
92%
de
90%
en
90%
Moi
90%
moi
90%
sur
90%
et
87%
Et
87%
le
87%
un
87%
ce
85%
une
85%
(une
85%
ma
83%
me
83%
te
83%
au
82%
j'ai
82%
J'ai
82%
Je
82%
je
82%
"Je
82%
tout
80%
chose
79%
chose)
79%
est
79%
autre
77%
autre)
77%
Faire
77%
(faire
77%
fera
77%
morceau
77%
pas
77%
Pas
77%
Baiser
76%
bébé
76%
joli
76%
l'amour
76%
chanté
75%
on
75%
ferait
73%
mon
73%
ta
73%
ça
72%
l'été
72%
Mais
72%
mais
72%
ou
72%
dans
70%
fut
70%
plus
70%
quand
70%
fort
69%
love
69%
dépourvu
68%
jusqu'à
68%
l'overdose
68%
(l'overdose)
68%
que
68%
belle
66%
bise
66%
venue
66%
Allons
63%
l'un
63%
(l'un
63%
soir
63%
danser
62%
fus
62%
l'ai
62%
nous
62%
robe
62%
l'autre
61%
l'autre)
61%
maison
61%
ne
61%
Fais
59%
accro
58%
Mets
58%
pour
58%
Pour
58%
t'emmène
58%
Vu
58%
se
56%
sommes
56%
avant
55%
défoncé
55%
les
55%
Les
55%
studio
54%
t'es
54%
Tu
54%
tu
54%
d'être
52%
cette
51%
Jok'Air
51%
état
49%
Oh
49%
réseau
49%
d'ivresse
48%
J'suis
48%
Mercedes
48%
n'ai
48%
caisse
46%
laissé
46%
ton
46%
m'en
45%
du
44%
eh
42%
belek
41%
espèce
41%
faisons
41%
Viens
41%
mi
39%
tête
39%
adresse?
37%
merde
37%
N'rentrons
37%
N'vomis
37%
qu'tu
37%
si
37%
lèvre
35%
loc'
35%
rouge
35%
suis
35%
voisins
35%
comme
34%
des
34%
fille
34%
lettre
34%
plaignent
34%
prendre
34%
temps
34%
bien
32%
bruit
32%
Cesse
32%
concierge
32%
connaître
32%
dents
32%
fesses
32%
hess
32%
reçu
32%
t'aime"
32%
caution
31%
Dois-je
31%
j'sais
31%
mes
31%
amor
30%
casser
30%
dis
30%
dit
30%
raison
30%
rappeler
30%
uno
30%
Avec
28%
avec
28%
car
28%
c'est
28%
d'la
28%
grandi
28%
hier
28%
J'préfère
28%
laisses
28%
Même
28%
négro
28%
numéro
28%
Qui
28%
qui
28%
rêve
28%
sortir
28%
comporte
27%
D'ailleurs
27%
déjà
27%
J'étais
27%
lui
27%
m'énerves
27%
m'prendre
27%
Oublie
27%
paires
27%
réciproque?
27%
tess
27%
verge
27%
bif
25%
bitch
25%
J'bosse
25%
m'aimes
25%
maman
25%
mort
25%
paye
25%
qu'avant
25%
T'inquiète
25%
viendra
25%
calmement
24%
(calmement)
24%
fiche
24%
veux
24%
champagne
23%
compris
23%
d'te
23%
Est-ce
23%
fois
23%
Han
23%
han
23%
idiot
23%
putain
23%
juste
21%
l'moment
21%
rencontrer
21%
sors
21%
c'était
20%
gratter
20%
lit
20%
passe
20%
pièce
20%
qu'une
20%
raisons
20%
vite
20%
gère
18%
plaisir
18%
ah
17%
il
17%
Rythmique
17%
tellement
17%
zone
17%
connais
15%
Enfermé
15%
haut
15%
ouais
15%
quitté
15%
rentrant
15%
Corps
14%
l'laisses
14%
manquerait
14%
musique
14%
plastiques
14%
vole
13%
âme
11%
content
11%
Couleur
11%
ébène
11%
histoire
11%
lamelles
11%
nan
8%
brûlés
7%
permettent
7%
pochetons
6%
woulo
6%
l'bunker
4%
Aucun quiz correspondant
Distribution des résultats
% des personnes avec chaque résultat
Percentile par nombre de réponses
Votre historique - résultats
Vous n’avez pas pris ce quiz